Shaping our cities (Record no. 121187)
[ view plain ]
| 000 -LEADER | |
|---|---|
| fixed length control field | 00855nam a22002537a 4500 |
| 001 - CONTROL NUMBER | |
| control field | K11``87 |
| 008 - FIXED-LENGTH DATA ELEMENTS--GENERAL INFORMATION | |
| fixed length control field | 160218b xxu||||| |||| 00| 0 eng d |
| 020 ## - INTERNATIONAL STANDARD BOOK NUMBER | |
| ISBN | 9781527252691 |
| 041 ## - LANGUAGE CODE | |
| Language code of text/sound track or separate title | eng |
| 110 ## - MAIN ENTRY--CORPORATE NAME | |
| Corporate author | IPUT |
| 245 ## - TITLE STATEMENT | |
| Title | Shaping our cities |
| Subtitle | How digital technology is disrupting local real estate |
| 260 ## - PUBLICATION INFORMATION | |
| Place of publication | Dublin |
| Publisher | Iput |
| Date | 2019 |
| 300 ## - PHYSICAL DESCRIPTION | |
| Physical description | 41p |
| 520 ## - ABSTRACT | |
| Abstract | Looks at how the commercial real estate industry is changing and explores how new business models will enable digital technology within buildings to create value. |
| 650 ## - KEYWORDS | |
| Keywords | Commercial property |
| 650 ## - KEYWORDS | |
| Keywords | Cities |
| 650 ## - KEYWORDS | |
| Keywords | Placemaking |
| 650 ## - KEYWORDS | |
| Keywords | Responsible business |
| 651 ## - SUBJECT ADDED ENTRY--GEOGRAPHIC NAME | |
| Geographic name | Ireland |
| 651 ## - SUBJECT ADDED ENTRY--GEOGRAPHIC NAME | |
| Geographic name | Climate change |
| 690 ## - BROAD SUBJECT | |
| 9 (RLIN) | 6274 |
| Broad subject | PropTech |
| 856 ## - ONLINE RESOURCE | |
| Uniform Resource Identifier | <a href="https://www.iput.ie/pdf/2019/IPUT-Arup-Shaping-Our-Cities.pdf">https://www.iput.ie/pdf/2019/IPUT-Arup-Shaping-Our-Cities.pdf</a> |
| Public note | View at iput.ie |
| 942 ## - ADDED ENTRY ELEMENTS (KOHA) | |
| Suppress in OPAC | Do not suppress in OPAC |
| Lost status | Damaged status | Not for loan | Home library | Current library | Shelving location | Date acquired | Total Checkouts | Date last seen | Price effective from | Koha item type |
|---|---|---|---|---|---|---|---|---|---|---|
| Virtual | Virtual | Online | 27/01/2020 | 27/01/2020 | 27/01/2020 | Online material |